[Event "DEM U10/U10w 2015"]
[Site "Willingen GER"]
[Date "2015.05.24"]
[Round "1"]
[White "Gossing, Marie-Sophie"]
[Black "Dietz, Kristin"]
[Result "0-1"]
[Termination "normal"]
[Board "41"]
[WhiteElo "762"]
[BlackElo "1249"]
[PlyCount "72"]
[WhiteFideId "16217284"]
[BlackFideId "12993743"]
[EventCountry "GER"]
[EventRounds "11"]
[EventType "swiss"]
[EventDate "2015.05.23"]

1. e4 c5 2. g3 d6 3. Bg2 Nf6 4. Nc3 g6 5. Nf3 Bg7 6. d3 Nc6 7. O-O O-O 8. e5
dxe5 9. Re1 Qc7 10. Ng5 Bd7 11. Bf4 exf4 12. Rxe7 Nxe7 13. Qd2 fxg3 14. hxg3
Rfe8 15. Re1 Nf5 16. Rxe8+ Rxe8 17. Bd5 Nxd5 18. Nxd5 Qe5 19. f4 Qe1+ 20. Qxe1
Rxe1+ 21. Kf2 Re8 22. Nc7 Re3 23. g4 Bd4 24. Kg2 Bc6+ 25. Kf1 Ng3+ 26. Kf2 Rf3+
27. Ke1 Rf1+ 28. Kd2 h5 29. c3 h4 30. cxd4 Rh1 31. dxc5 h3 32. Nxh3 Rxh3 33. b4
Kg7 34. b5 Bg2 35. c6 bxc6 36. bxc6 Bxc6 0-1

[Event "DEM U10/U10w 2015"]
[Site "Willingen GER"]
[Date "2015.05.24"]
[Round "1"]
[White "Kodalle, Dominik"]
[Black "Kieckbusch, Lotta"]
[Result "1-0"]
[Termination "normal"]
[Board "42"]
[WhiteElo "1230"]
[BlackElo "749"]
[PlyCount "57"]
[WhiteFideId "16208722"]
[BlackFideId "16214390"]
[EventCountry "GER"]
[EventRounds "11"]
[EventType "swiss"]
[EventDate "2015.05.23"]

1. e4 c6 2. d4 d5 3. Nc3 dxe4 4. Nxe4 Nf6 5. Nxf6+ exf6 6. Bc4 Bd6 7. Nf3 O-O
8. O-O Re8 9. a3 Bg4 10. d5 Bh5 11. dxc6 Nxc6 12. Qd5 Qc7 13. Qxh5 Ne5 14. Nxe5
Rxe5 15. Qg4 Rae8 16. Bh6 g6 17. Bd3 Rh5 18. g3 Rxh6 19. Qa4 Be5 20. Qxa7 Bxb2
21. Rab1 Be5 22. Rxb7 Qd6 23. Rxf7 f5 24. Bc4 Kh8 25. Rb1 Bc3 26. a4 Qc6 27.
Bb5 Qe6 28. Bxe8 Qxe8 29. Rb8 1-0